Biblioteca

Piel de zapa (Registro nro. 67925)

Detalles MARC
000 -LÍDER
Campo fijo de descripción fija 01591nam a2200253 i 4500
001 - NÚMERO DE CONTROL
Campo de control 768714001
003 - IDENTIFICADOR DEL NÚMERO DE CONTROL
Campo de control CO-MdFUSB
005 - FECHA Y HORA DE LA ULTIMA TRANSACCIÓN
control field 20220531170253.0
007 - CAMPO FIJO DE DESCRIPCIÓN FIJA--INFORMACIÓN GENERAL
Campo fijo de descripción fija ta
008 - ELEMENTOS DE LONGITUD FIJA -- INFORMACIÓN GENERAL
Campo fijo de descripción fija -- Información general 220531t1984 ck |||| |||| 00| 0 spa d
022 ## - NÚMERO INTERNACIONAL NORMALIZADO PARA PUBLICACIONES SERIADAS
Número Internacional Normalizado para Publicaciones Seriadas 848280670X
040 ## - FUENTE DE CATALOGACIÓN
Idioma de catalogación spa
Agencia Catalogadora CO-MdFUSB
Agencia que realiza la transcripción CO-MdFUSB
Agencia que realiza la modificación CO-MdFUSBC
Modificador rda
041 ## - CÓDIGO DE IDIOMA
Código de idioma para texto/pista de sonido o título separado spa
100 ## - ASIENTO PRINCIPAL--NOMBRE PERSONAL
Nombre personal Balzac, Honoré de,
Término relacionador autor
245 ## - TÍTULO
Título Piel de zapa
Mención de responsabilidad / Honoré de Balzac
300 ## - DESCRIPCIÓN FÍSICA
Extensión páginas 1-171
Dimensiones ; 23 cm
336 ## - TIPO DE CONTENIDO
Source rdacontent
337 ## - TIPO DE MEDIO
Source rdamedia
338 ## - TIPO DE SOPORTE
Source rdacarrier
520 ## - NOTA DE RESUMEN, ETC.
Nota de sumario, etc. La historia, que tiene varios elementos autobiográficos, fue publicada en 1831 y transcurre en París, a comienzos del Siglo XIX. Un joven escritor llamado Rafael De Valentín, desafortunado, arruinado y solo –que, en la película argentina de 1943, es interpretado por Hugo del Carril- planea arrojarse a las aguas del Sena después de haber perdido su última moneda de oro en una partida de naipes.<br/><br/>Todavía es de día cuando sale derrotado del garito que funciona en el Palacio Real y deambula sin rumbo por las calles de París, esperando a que se haga de noche para suicidarse sin testigos. Es entonces cuando entra a un anticuario y un hombre misterioso le ofrece la piel de zapa, un trozo de cuero mágico que cumple todos y cada uno de sus deseos al instante aunque va encogiéndose cada vez, al tiempo que va consumiendo, progresivamente, su energía vital.
650 #7 - ASIENTO SECUNDARIO DE MATERIA - TERMINO TEMÁTICO
9 (RLIN) 2654
Término temático o nombre geográfico como elemento de entrada Literatura francesa
773 0# - ASIENTO DE ITEM FUENTE
Biblionumber 67924
Itemnumber 81127
Asiento principal Oveja Negra,
Otro identificador del ítem 24690
Título Maestros de la literatura universal :
Número de control del registro (CO-MdFUSB)768714001
International Standard Book Number 8482806718
942 ## - TIPO DE MATERIAL (KOHA)
Tipo de Item KOHA Libros General

No hay ítems disponibles.

Biblioteca FUSBC | Teléfono: (57+4) 349 88 10 Ext. 141| WhatsApp (+57) 3005338115 
E-mail: biblioteca@unisbc.edu.co | Calle 76 87-14 Robledo Palenque, Medellín, Colombia

Con tecnología Koha